Agrupaciones de hiladores y tejedores del Fomento del Trabajo Nacional adheridas a la Federación Internacional de Asociaciones de Industrias Algodoneras (Record no. 38766)

MARC details
000 -LEADER
campo de control de longitud fija 00768nam a2200181 i 4500
001 - NÚMERO DE CONTROL
campo de control 38766
003 - IDENTIFICADOR DE NÚMERO DE CONTROL
campo de control ES-MaACL
005 - FECHA Y HORA DE LA ÚLTIMA TRANSACCIÓN
campo de control 20230906155821.0
007 - CAMPO FIJO DE DESCRIPCIÓN FÍSICA--INFORMACIÓN GENERAL
campo de control de longitud fija t|
008 - DATOS DE LONGITUD FIJA--INFORMACIÓN GENERAL
campo de control de longitud fija 030226s1907 sp ||||1| spa d
100 0# - ENTRADA PRINCIPAL--NOMBRE DE PERSONA
Nombre de persona Calvet, Eduardo.
9 (RLIN) 33806
245 10 - MENCIÓN DEL TÍTULO
Título Agrupaciones de hiladores y tejedores del Fomento del Trabajo Nacional adheridas a la Federación Internacional de Asociaciones de Industrias Algodoneras
Resto del título : memoria del congreso celebrado en Viena ... 1907 /
Mención de responsabilidad, etc. redactado por los congresistas Eduardo Calvert, y Joaquín Aguilera.
260 ## - PUBLICACIÓN, DISTRIBUCIÓN, ETC.
Lugar de publicación, distribución, etc. Barcelona :
Nombre del editor, distribuidor, etc. [s.n.],
Fecha de publicación, distribución, etc. 1907 (
Fabricante Vda. de Domingo Casanovas)
300 ## - DESCRIPCIÓN FÍSICA
Extensión 319 p. ;
Dimensiones 23 cm.
650 04 - PUNTO DE ACCESO ADICIONAL DE MATERIA--TÉRMINO DE MATERIA
Término de materia o nombre geográfico como elemento de entrada Industria algodonera-
Subdivisión de forma Congresos.
9 (RLIN) 13718
700 1# - ENTRADA AGREGADA--NOMBRE PERSONAL
Nombre de persona Aguilera, Joaquín.
9 (RLIN) 18761
852 ## - LOCALIZACIÓN
Ubicación ES-MaACL
Número de control de estantería G-9972
Holdings
Estatus retirado Estado de pérdida Estado de daño No para préstamo Biblioteca de origen Biblioteca actual Ubicación en estantería Fecha de adquisición Fuente de adquisición Total de préstamos Signatura topográfica completa Código de barras Visto por última vez Precio de reemplazo Tipo de ítem Koha
        Biblioteca del Ateneo de Madrid Biblioteca del Ateneo de Madrid Sala Pecera Planta 3 17/01/2008     G-9972 1040821 23/02/2023 23/02/2023 Libro impreso